Esparza: Organizaciones y líderes en la comunidad /

Spremljeno u:
Bibliografski detalji
Autori kompanije: Instituto de Fomento y Asesoría Municipal [Costa Rica], Acción Internacional Técnica, División de Acción Internacional
Format: Tekst
Izdano: San José: IFAM. AITC
Oznake: Dodaj oznaku
Bez oznaka, Budi prvi tko označuje ovaj zapis!

MARC

LEADER 00000 a a2200000 04500
001 16947
003
040
090 |a 008900  
110 |a Instituto de Fomento y Asesoría Municipal [Costa Rica]  
245 |a Esparza: Organizaciones y líderes en la comunidad /  |c Instituto de Fomento y Asesoría Municipal [Costa Rica]  
260 |a San José:   |b IFAM. AITC  
300 |a 10 p.  
710 |a Acción Internacional Técnica, División de Acción Internacional  
999 |c 10485  |d 10485